ILLUSTRATED SYNOPSIS OF DERMATOLOGY AND SEXUALLY TRANSMITTED DISEASES (Record no. 16918)

MARC details
000 -LEADER
fixed length control field 00467nam a22001697a 4500
003 - CONTROL NUMBER IDENTIFIER
control field SGT
020 ## - INTERNATIONAL STANDARD BOOK NUMBER
International Standard Book Number 978-81-312-4230-8
082 ## - DEWEY DECIMAL CLASSIFICATION NUMBER
Classification number 616.5
Item number I17K
100 ## - MAIN ENTRY--PERSONAL NAME
Personal name KHANNA,NEENA
245 ## - TITLE STATEMENT
Title ILLUSTRATED SYNOPSIS OF DERMATOLOGY AND SEXUALLY TRANSMITTED DISEASES
250 ## - EDITION STATEMENT
Edition statement 5TH
260 ## - PUBLICATION, DISTRIBUTION, ETC. (IMPRINT)
Place of publication, distribution, etc NEW DELHI
Name of publisher, distributor, etc ELSEVIER,
Year of Publication 2017
300 ## - PAGE DESCRIPTION
No. of Pages 460
650 ## - SUBJECT ADDED ENTRY--TOPICAL TERM
Topical term or geographic name as entry element AYURVEDA
653 ## - KEYWORDS--INDEX TERM
Keyword term SYNOPSIS DERMATOLOGY,SEXUALLY TRANSMITTED, DISEASES, DERMATOLOGY,
942 ## - ADDED ENTRY ELEMENTS (KOHA)
Source of classification or shelving scheme Dewey Decimal Classification
Koha item type Books
942 ## - ADDED ENTRY ELEMENTS (KOHA)
-- 1
Holdings
Withdrawn status Lost status Source of classification or shelving scheme Damaged status Use restrictions Not for loan Collection code Home library Current library Shelving location Date acquired Vendor Name Cost, normal purchase price SGTU Bill Number Full call number Accession No. (Barcode) Date last seen Bill Date Koha item type Total Checkouts Date last borrowed
    Dewey Decimal Classification   Restricted Access   AYURVEDA SGT FA-FP Library SGT FA-FP Library Reference Book 18/02/2019 AHUJA PUB 1200.00 SGTU 10644 616.5 I17K FA10082 18/02/2019 07/02/2019 Books    
    Dewey Decimal Classification       AYURVEDA SGT FA-FP Library SGT FA-FP Library Text Book 18/02/2019 AHUJA PUB 1200.00 SGTU 10644 616.5 I17K FA10083 10/04/2025 07/02/2019 Books 3 02/04/2025
    Dewey Decimal Classification       AYURVEDA SGT FA-FP Library SGT FA-FP Library Text Book 18/02/2019 AHUJA PUB 1200.00 SGTU 10644 616.5 I17K FA10084 06/05/2025 07/02/2019 Books 2 28/01/2025
    Dewey Decimal Classification   Restricted Access   AYURVEDA SGT FA-FP Library SGT FA-FP Library Reference Book 18/02/2019 AHUJA PUB 1200.00 SGTU 10644 616.5 I17K FA10085 18/02/2019 07/02/2019 Books    
    Dewey Decimal Classification       AYURVEDA SGT FA-FP Library SGT FA-FP Library Text Book 18/02/2019 AHUJA PUB 1200.00 SGTU 10644 616.5 I17K FA10086 04/02/2026 07/02/2019 Books 2 12/11/2025